00775nam a2200205 a 450000100100000000500170001000800410002702000150006804000250008308200140010810000290012224500840015126000730023530000360030849000310034470000270037583000380040295201120044099900170055200004153320201002035627.0131009s2005 sp ac 000 0 spa d a8400083806 aDO-SdBNPbspacBNPHU axxxxbxxx1 aBarbosa, Andrés96826510aInternational Studbook Gazella Dama Mhorr. /cAndrés Barbosa, Gerardo Espeso. aMadrid, :bConsejo Superior de Investigaciones Científicas,c2005. a128 p. :bil., rests. ;c24 cm.1 aBiblioteca de cienciasv211 aEspeso, Gerardo968266 0aBiblioteca de cienciasv21938842 001050718MOaGRbGRcCTd2013-10-09iLF1l0oxxxx xxxp41533-10r2020-06-25w2020-06-25y1ZNo se presta c41023d41023